00353nam a2200109Ia 4500008004000000082001300040100001900053245003000072260004000102300000800142650009300150210210b2004 xxu||||| |||| 00| 0 eng d a635 PREH aPRESTON (G H). aHandbook of horticulture. aDehradunbReprint Publicationc2004 a575 aGarden Gardening Edgings Hedges Fences Propagation Greenhouse Vegetable Herb Fruit Plant